[Event "Sisak"]
[Site "Sisak"]
[Date "2008.12.05"]
[Round "8"]
[White "Osmanovic, Kemal"]
[Black "Vuga, Jovan"]
[Result "1/2-1/2"]
[WhiteElo "2337"]
[BlackElo "2246"]
[PlyCount "89"]
[EventDate "2008.11.29"]
[EventType "tourn"]
[EventRounds "9"]
[EventCountry "CRO"]
[EventCategory "2"]
[SourceTitle "CBM 127 Extra"]
[Source "ChessBase"]
[SourceDate "2009.01.08"]
[SourceVersion "2"]
[SourceVersionDate "2009.01.28"]
[SourceQuality "1"]

1. d4 Nf6 2. Nf3 g6 3. c4 Bg7 4. Nc3 0-0 5. Bf4 d6 6. h3 Bf5 7. g4 Bc8 8. e4 c5 9. d5 b5 10. cxb5 a6 11. Nd2 e6 12. Be2 exd5 13. exd5 axb5 14. Bxb5 Ba6 15. Bxa6 Rxa6 16. 0-0 Nfd7 17. Nc4 Ne5 18. Bxe5 dxe5 19. Ne4 f5 20. Nxc5 e4 21. f4 fxg4 22. Ne6 Rxe6 23. dxe6 Bd4+ 24. Kh2 g3+ 25. Kxg3 Nc6 26. Qe2 Qd5 27. Ne3 Bxe3 28. Qxe3 Nd4 29. Kg2 Nf5 30. Qb3 Qxb3 31. axb3 Ne3+ 32. Kf2 Nxf1 33. Rxf1 Rb8 34. Ke3 Rb4 35. Rc1 Kg7 36. Rc4 Rxb3+ 37. Kxe4 Kf6 38. Kd5 Rxb2 39. Re4 Rd2+ 40. Kc6 Ke7 41. h4 Rd6+ 42. Kc5 Rxe6 43. Kd5 Rxe4 44. Kxe4 Kf6 45. h5 1/2-1/2

[Event "Sisak"]
[Site "Sisak"]
[Date "2008.12.02"]
[Round "5"]
[White "Osmanovic, Kemal"]
[Black "Banas, Jan"]
[Result "1/2-1/2"]
[WhiteElo "2337"]
[BlackElo "2356"]
[PlyCount "21"]
[EventDate "2008.11.29"]
[EventType "tourn"]
[EventRounds "9"]
[EventCountry "CRO"]
[EventCategory "2"]
[SourceTitle "CBM 127 Extra"]
[Source "ChessBase"]
[SourceDate "2009.01.08"]
[SourceVersion "2"]
[SourceVersionDate "2009.01.28"]
[SourceQuality "1"]

1. d4 Nf6 2. Nf3 c5 3. e3 g6 4. dxc5 Qa5+ 5. Nbd2 Bg7 6. a3 Qxc5 7. b4 Qc7 8. Bb2 0-0 9. c4 d6 10. Be2 b6 11. 0-0 1/2-1/2

[Event "BIH-chT1"]
[Site "Neum"]
[Date "2008.08.26"]
[Round "6.3"]
[White "Mrkonjic, Nenad"]
[Black "Osmanovic, Kemal"]
[Result "1/2-1/2"]
[WhiteElo "2394"]
[BlackElo "2328"]
[PlyCount "125"]
[EventDate "2008.08.23"]
[EventType "team"]
[EventRounds "9"]
[EventCountry "BIH"]
[SourceTitle "CBM 126 Extra"]
[Source "ChessBase"]
[SourceDate "2008.11.05"]
[SourceVersion "1"]
[SourceVersionDate "2008.11.05"]
[SourceQuality "1"]

1. c4 c5 2. Nf3 g6 3. g3 Bg7 4. Bg2 Nc6 5. 0-0 e6 6. Qc2 Nge7 7. a3 0-0 8. d3 b6 9. Bd2 Bb7 10. Bc3 d5 11. Bxg7 Kxg7 12. b4 d4 13. bxc5 bxc5 14. Nbd2 Rc8 15. Rfb1 Na5 16. Ne1 Bxg2 17. Kxg2 Qc7 18. Nef3 h6 19. Qa4 Rb8 20. h4 f5 21. Rxb8 Rxb8 22. Rb1 Rxb1 23. Nxb1 Nec6 24. Nbd2 Qb6 25. Qc2 Kf6 26. e4 Nb7 27. exf5 exf5 28. Qc1 Nd6 29. Nf1 Nf7 30. g4 fxg4 31. Qf4+ Kg7 32. Qxg4 Nce5 33. Nxe5 Nxe5 34. Qe4 Qf6 35. Ng3 h5 36. f4 Ng4 37. Qb7+ Kh6 38. Qc8 Kg7 39. Qb7+ Kh6 40. Qa8 Kg7 41. Qxa7+ Kh6 42. Qa8 Kg7 43. Qb7+ Kh6 44. Qc8 Kg7 45. Qc7+ Kh6 46. Qxc5 Qxf4 47. Qg5+ Qxg5 48. hxg5+ Kxg5 49. a4 Ne5 50. a5 Nc6 51. a6 Kf4 52. Kf2 Na7 53. Ne2+ Ke5 54. Kg3 g5 55. Ng1 Kd6 56. Nf3 Kc5 57. Nxg5 Nc6 58. Ne6+ Kb6 59. Nf4 Ne5 60. Kh4 Kxa6 61. Kg5 Ka5 62. Kf5 Nxc4 63. dxc4 1/2-1/2

[Event "BIH CFFBH-chT1"]
[Site "Neum"]
[Date "2007.08.30"]
[Round "8"]
[White "Osmanovic, Kemal"]
[Black "Miljanic, Boro"]
[Result "1/2-1/2"]
[WhiteElo "2327"]
[BlackElo "2404"]
[PlyCount "31"]
[EventDate "2007.08.25"]
[EventType "team-tourn"]
[EventRounds "9"]
[EventCountry "BIH"]
[SourceTitle "EXT 2023"]
[Source "ChessBase"]
[SourceDate "2022.10.05"]
[SourceVersion "1"]
[SourceVersionDate "2022.10.05"]
[SourceQuality "1"]

1. d4 Nf6 2. Nf3 g6 3. c4 Bg7 4. Nc3 0-0 5. Bf4 c5 6. d5 d6 7. e4 Qa5 8. Nd2 a6 9. a4 Qb6 10. Nb3 e5 11. Bd2 Nh5 12. g3 Qd8 13. Bg2 Qe8 14. Bf3 Nf6 15. Bg2 Nh5 16. Bf3 1/2-1/2

[Event "BIH CFFBH-chT1"]
[Site "Neum"]
[Date "2007.08.28"]
[Round "6"]
[White "Osmanovic, Kemal"]
[Black "Saric, Ante"]
[Result "1/2-1/2"]
[WhiteElo "2327"]
[BlackElo "2499"]
[PlyCount "51"]
[EventDate "2007.08.25"]
[EventType "team-tourn"]
[EventRounds "9"]
[EventCountry "BIH"]
[SourceTitle "EXT 2023"]
[Source "ChessBase"]
[SourceDate "2022.10.05"]
[SourceVersion "1"]
[SourceVersionDate "2022.10.05"]
[SourceQuality "1"]

1. d4 Nf6 2. Nf3 g6 3. c4 Bg7 4. Nc3 0-0 5. Bf4 c5 6. d5 d6 7. e4 a6 8. a4 Ne8 9. Be2 e5 10. dxe6 fxe6 11. Be3 Nc6 12. 0-0 b6 13. Qd2 Bb7 14. Rad1 Qe7 15. Ne1 Nd4 16. f3 Bc6 17. Bd3 Qd7 18. Bc2 b5 19. axb5 axb5 20. cxb5 Bxb5 21. Nxb5 Qxb5 22. Bd3 Qb7 23. Bb1 Rb8 24. Rf2 Qa6 25. Nd3 Nc7 26. e5 1/2-1/2

[Event "Zuerich op 11th"]
[Site "Zuerich"]
[Date "1987.??.??"]
[Round "7"]
[White "Mohr, Stefan"]
[Black "Osmanovic, Kemal"]
[Result "1-0"]
[WhiteElo "2340"]
[BlackElo "2375"]
[PlyCount "67"]
[EventDate "1987.12.26"]
[EventType "swiss"]
[EventRounds "7"]
[EventCountry "SUI"]
[SourceTitle "EXT 1997"]
[Source "ChessBase"]
[SourceDate "1996.11.15"]
[SourceVersion "1"]
[SourceVersionDate "1996.11.15"]
[SourceQuality "1"]

1. d4 d5 2. c4 dxc4 3. e4 Nf6 4. e5 Nd5 5. Bxc4 Nb6 6. Bb3 Nc6 7. Ne2 Bg4 8. Nbc3 e6 9. 0-0 Bf5 10. a3 Qd7 11. Be3 Ne7 12. Ng3 Bg6 13. f4 Ned5 14. Qf3 c6 15. Bf2 Be7 16. Nge4 0-0 17. g4 Kh8 18. Ng3 f6 19. Be3 fxe5 20. dxe5 Rf7 21. Nxd5 Nxd5 22. Bxd5 cxd5 23. Bd4 Raf8 24. Qe3 Qb5 25. Rac1 b6 26. f5 exf5 27. gxf5 Rxf5 28. Nxf5 Bxf5 29. Rf3 Qe8 30. e6 Bg6 31. Rcf1 Rxf3 32. Rxf3 Qa4 33. Rf1 Qe8 34. Qe5 1-0

[Event "Sarajevo"]
[Site "Sarajevo"]
[Date "1983.03.??"]
[Round "?"]
[White "Gligoric, Svetozar"]
[Black "Osmanovic, Kemal"]
[Result "1-0"]
[WhiteElo "2510"]
[BlackElo "2375"]
[PlyCount "61"]
[EventDate "1983.03.??"]
[EventType "tourn"]
[EventRounds "15"]
[EventCountry "YUG"]
[EventCategory "9"]
[SourceTitle "MCD"]
[Source "ChessBase"]
[SourceDate "1999.07.01"]
[SourceVersion "1"]
[SourceVersionDate "1999.07.01"]
[SourceQuality "1"]

1. d4 Nf6 2. c4 e6 3. Nc3 d5 4. cxd5 exd5 5. Bg5 Nbd7 6. e3 Bb4 7. Bd3 Bxc3+ 8. bxc3 c5 9. Ne2 Qa5 10. 0-0 0-0 11. a4 Re8 12. Bh4 c4 13. Bc2 Ne4 14. Qc1 Nf8 15. f3 Nd6 16. Bg3 Qd8 17. Nf4 Qg5 18. Re1 Bf5 19. Nxd5 Bxc2 20. Nc7 Bd3 21. Bxd6 Qg6 22. Bxf8 Rxf8 23. Nxa8 Rxa8 24. e4 h5 25. a5 Rd8 26. Qf4 Rd6 27. Ra2 Rf6 28. Qg3 Qh6 29. h4 Rg6 30. Qe5 Re6 31. Qg5 1-0

[Event "Sarajevo"]
[Site "Sarajevo"]
[Date "1983.03.??"]
[Round "?"]
[White "Ivanovic, Bozidar"]
[Black "Osmanovic, Kemal"]
[Result "1-0"]
[WhiteElo "2480"]
[BlackElo "2375"]
[PlyCount "72"]
[EventDate "1983.03.??"]
[EventType "tourn"]
[EventRounds "15"]
[EventCountry "YUG"]
[EventCategory "9"]
[SourceTitle "MCD"]
[Source "ChessBase"]
[SourceDate "1999.07.01"]
[SourceVersion "1"]
[SourceVersionDate "1999.07.01"]
[SourceQuality "1"]

1. e4 c5 2. Nf3 d6 3. d4 cxd4 4. Nxd4 Nf6 5. Nc3 a6 6. Bc4 e6 7. Qe2 Be7 8. 0-0 0-0 9. a4 Nc6 10. Rd1 Qc7 11. Bb3 Bd7 12. Be3 Nxd4 13. Rxd4 b5 14. h3 Qb7 15. Bg5 Bc6 16. Re1 b4 17. Nd1 Rfd8 18. Kh2 h6 19. Bd2 a5 20. f3 Nd7 21. Be3 Nc5 22. Rd2 Bxa4 23. Bxa4 Nxa4 24. Qf2 Nc5 25. Qg3 Kh7 26. b3 a4 27. bxa4 Nxa4 28. Nf2 Nc3 29. f4 Ra3 30. Rd3 Ra2 31. Bd4 Bf8 32. Qg4 Nb5 33. Bf6 Rc8 34. Rg3 Ra3 35. Qxg7+ Bxg7 36. Rxg7+ Kh8 1-0

[Event "Sarajevo"]
[Site "Sarajevo"]
[Date "1983.03.??"]
[Round "?"]
[White "Osmanovic, Kemal"]
[Black "Dizdar, Goran"]
[Result "0-1"]
[WhiteElo "2375"]
[BlackElo "2455"]
[PlyCount "70"]
[EventDate "1983.03.??"]
[EventType "tourn"]
[EventRounds "15"]
[EventCountry "YUG"]
[EventCategory "9"]
[SourceTitle "MCD"]
[Source "ChessBase"]
[SourceDate "1999.07.01"]
[SourceVersion "1"]
[SourceVersionDate "1999.07.01"]
[SourceQuality "1"]

1. Nf3 e6 2. d4 c5 3. e4 cxd4 4. Nxd4 Nf6 5. Nc3 d6 6. Be3 Be7 7. f4 0-0 8. g4 Nc6 9. g5 Nd7 10. Nf3 a6 11. Bd3 b5 12. Rg1 Re8 13. Qe2 Bb7 14. Rg3 Rc8 15. Kf2 Bf8 16. h4 d5 17. e5 d4 18. Nxd4 Ndxe5 19. fxe5 Nxd4 20. Qg4 Nf5 21. Qh3 Nxe3 22. Kxe3 Rc5 23. Kd2 Rxe5 24. Rf1 b4 25. Kc1 g6 26. Ne2 Qd5 27. Nf4 Qxa2 28. h5 Bg7 29. Nxg6 hxg6 30. hxg6 fxg6 31. Qh4 Rf5 32. Rxf5 Qxb2+ 33. Kd2 Bc3+ 34. Ke2 exf5+ 35. Kf2 Be1+ 0-1

[Event "Sarajevo"]
[Site "Sarajevo"]
[Date "1983.03.??"]
[Round "?"]
[White "Osmanovic, Kemal"]
[Black "Nikolic, Predrag"]
[Result "0-1"]
[WhiteElo "2375"]
[BlackElo "2490"]
[PlyCount "58"]
[EventDate "1983.03.??"]
[EventType "tourn"]
[EventRounds "15"]
[EventCountry "YUG"]
[EventCategory "9"]
[SourceTitle "MCD"]
[Source "ChessBase"]
[SourceDate "1999.07.01"]
[SourceVersion "1"]
[SourceVersionDate "1999.07.01"]
[SourceQuality "1"]

1. d4 Nf6 2. Nf3 d6 3. c4 Bg4 4. e3 Nbd7 5. Be2 c6 6. Nc3 g6 7. h3 Bxf3 8. Bxf3 Bg7 9. e4 0-0 10. 0-0 e5 11. d5 Ne8 12. dxc6 bxc6 13. b4 Nb6 14. Be2 Nc7 15. a4 Ne6 16. a5 Nc8 17. b5 Ne7 18. Re1 Nd4 19. Be3 Rc8 20. Bf1 f5 21. f3 cxb5 22. Nxb5 fxe4 23. fxe4 Nec6 24. a6 Bf6 25. c5 dxc5 26. Rc1 Bg5 27. Kh1 Rxf1+ 28. Rxf1 Bxe3 29. Rxc5 Nf5 0-1